000 00338nam a22001457a 4500
020 _a978-81-88446-74-2
041 _aEnglish
082 _a150
_bABH
100 _aAbhedananda, Swami
245 _aTrue Psychology
260 _aKolkata
_bRamakrishna Vedanta Math
_c1946
300 _a202
650 _aPsychology-Religious
942 _cBK
999 _c21006
_d21006